[Event "Candidates Tournament"]
[Site "Moscow"]
[Date "2016.03.21"]
[Round "9"]
[White "Anand, Viswanathan"]
[Black "Aronian, Levon"]
[Result "1-0"]
[WhiteElo "2762"]
[BlackElo "2786"]
[Annotator "Marin,M"]
[PlyCount "131"]
[EventDate "2016.03.11"]
[EventType "tourn"]
[EventRounds "14"]
[EventCountry "RUS"]
[EventCategory "22"]
[SourceTitle "CBM 172"]
[Source "ChessBase"]
[SourceDate "2016.05.12"]
[SourceVersion "1"]
[SourceVersionDate "2016.05.12"]
[SourceQuality "1"]

1. e4 e5 2. Nf3 Nc6 3. Bc4 Bc5 4. O-O d6 5. d3 Nf6 6. c3 a6 7. a4 $5 {Anand
had faced this relatively unexplored line with Black recently and despite
winning the game he must have found it interesting enough to include it in his
repertoire for the Candidates tournament.} Ba7 (7... O-O 8. Re1 h6 {Giri,A 
(2798)-Anand,V (2784) Zuerich 2016 CBM 171 [Marin,M] (0-1, 45)}) 8. Na3 Ne7 9.
Nc2 ({Four rounds later he deviated with} 9. Bg5 c6 10. Nc2 (10. Bxf6 gxf6 {
[%cal Gd6d5,Gh8g8]} 11. d4 d5 12. Bd3 f5 $36) 10... O-O 11. Nh4 d5 12. exd5
Nexd5 13. Nf3 Qd6 14. Re1 Bg4 15. Bh4 Rae8 16. h3 Bh5 17. Bg3 Nf4 18. Bxf4 exf4
19. d4 c5 $36 {Anand,V (2762)-Giri,A (2793) Moscow 2016 (1/2-1/2, 52)}) 9...
Ng6 10. Be3 ({Since the knight will soon land on e3. it does not make sense to
waste a tempo on preventing ...Bg4 with} 10. h3 O-O 11. Re1 c6 12. Ba2 Re8 13.
d4 exd4 14. Ncxd4 Nxe4 15. Bxf7+ Kxf7 16. Rxe4 Rxe4 17. Ng5+ Kg8 18. Nxe4 d5
19. Ng3 Qf6 $11 {Pacher,M (2502)-Kantor,G (2418) Budapest 2016 (1-0, 33)})
10... O-O (10... Bxe3 11. Nxe3 O-O {transposes to the line from the next
comment.}) 11. Bxa7 Rxa7 12. Ne3 Ng4 $6 {Aronian probably felt like taking
advantage of Anand's omitting h2-h3, but his last move will eventually prove a
waste of time resulting in delayed development.} (12... Ra8 13. a5 c6 {[%cal
Gd6d5] looks normal for Black.}) {Anand does not seem keen to play with
doubled pawns.} 13. Qd2 ({Actually, the position resulting after} 13. a5 Ra8
14. h3 Nxe3 15. fxe3 {[%cal Gd1b3,Gd3d4];Anand,V (2784)-Aronian,L (2792)
Zuerich Chess Challenge Rapid 5th 2016 (1) 1-0 yields White some initiative.
In this structure it is useful to have the queen on d1 as it could later go to
b3 or in some cases to f3. Compare with} {If} Be6 (15... Qe7 16. Qb3) 16. Bxe6
fxe6 17. Qb3 Qc8 18. h4 Nh8 19. d4 $14 {White's chances are better despite the
almost symmetrical structure.}) 13... a5 {Black keeps neglecting his
development for the sake of strategic moves.} ({A simpler way was} 13... Ra8
14. a5 Nxe3 15. Qxe3 Qe7 {[%cal Gc8e6]}) 14. d4 Ra8 (14... Nxe3 15. Qxe3 b6 {
highlights White's advance in development after} 16. dxe5 dxe5 (16... Nxe5 17.
Nxe5 dxe5 18. Rad1 Qe8 19. b3 Be6 20. Bd5) 17. Rfd1 Qf6 (17... Qe7 18. g3) 18.
Qg5 Qxg5 19. Nxg5 $14) 15. dxe5 $1 {A principled decision: the better
developed side should open the centre.} N4xe5 16. Nxe5 Nxe5 17. Bb3 $14 {
White has more space and is better coordinated. Black has no significant
weaknesses but needs to act with care.} Nd7 $5 {Anticipating the permanent
threat f2-f4 and aiming to trasfer the knight to a better square. But on c5
the knight will not enjoy the desired stability either.} (17... Be6 18. Bd5
Bxd5 19. Qxd5 Nd7 $14) 18. Bc2 Re8 19. f3 b6 $6 {To a certain extent the same
policy as when Black played ...a6-a5. Black's structure looks nice, but the
last move does not help developing the queenside. Moreover, the weakness of
the long diagonal will cause him huge problems in the endgame.} 20. Rfd1 Nc5
21. b4 Nd7 22. Bb3 {This knight has jumped around a lot without achieving
anything concrete.} Nf6 ({Aronian probably rejected} 22... Bb7 {because he
wanted to neutralise the enemy bishop with ...Be6. But this will not happen.})
23. Qd4 Qe7 24. Nd5 Nxd5 25. Bxd5 Ra7 ({Had Aronian anticipated the problems
with freeing this caged rook, he might have preferred} 25... Rb8 {even though
it implies weakening his queenside.} 26. bxa5 bxa5 27. Qa7 Be6 (27... Rb2 28.
Ra2 $16) 28. Bxe6 fxe6 29. Rab1 Ra8 30. Qb7 $14) 26. b5 $1 Bb7 27. c4 $1 {
After White's precise pawn moves Black can free his rook only by strenghening
White's structure with ...Bxd5, cxd5, when the c7-pawn would be chronically
weak.} Qe5 28. Rac1 Qxd4+ 29. Rxd4 {The endgame is very unpleasant for Black.
White can start a slow kingside attack, enjoying practically an extra rook!}
Kf8 30. Kf2 Ke7 31. f4 f6 32. Rc3 Kd7 33. Rh3 h6 34. Rg3 Re7 35. Rg6 Bxd5 {
A necessary concession.} ({The tortuous regrouping started with} 35... Kc8 {
is too slow:} 36. h4 Ra8 (36... h5 37. Bc6 Bxc6 38. bxc6 Ra8 39. Rd5 $18 {
[%csl Gh5]}) 37. h5 Rb8 (37... Kb8 38. Rd3 Ka7 39. Rdg3 Bxd5 40. exd5 $16 Rg8
$2 41. Rxh6 $1 $18) 38. e5 $1 fxe5 (38... dxe5 39. Rxg7 $3 {[%cal Ge7g7,Gd5e6]}
Bxd5 40. Rxe7 exd4 41. cxd5 $18) 39. Be6+ Rxe6 (39... Kd8 40. fxe5 $18) 40.
Rxe6 exd4 41. Re8+ Kd7 42. Rxb8 Be4 43. Rg8 $18) 36. cxd5 Ra8 37. Kf3 Rae8 {
Black has finally managed to regroup properly. His only chance to survive
White's crushing space advantage is the pressure on e4.} 38. Kg4 ({The most
consistent plan starts with} 38. f5 {for instance} Kc8 39. Kf4 Kd7 40. Rg3 Kc8
41. Rc4 Kd8 42. Re3 Kc8 43. Kg4 Kb7 44. Kh5 Re5 45. Kg6 R8e7 46. g4 Kc8 47. h4
Kd7 48. Rg3 Kd8 49. g5 hxg5 50. hxg5 fxg5 51. Rxg5 Rd7 52. Kh7 Ree7 53. Rg6 Kc8
54. Re6 Kd8 55. Rc2 $18 {[%cal Gc2g2]}) 38... Rxe4 39. Rxg7+ Kc8 {Evacuating
the king from the centre leaves White a free hand on the kingside.} 40. Rd2 Kb8
(40... Rxa4 41. Rc2 Re5 $2 {does not work any more due to} 42. Rgxc7+ Kd8 43.
Rc8+ Ke7 44. R2c7#) 41. Rc2 Rc8 42. Ra2 $18 {For the time being White keeps
his a-pawn. When his kingside attack will reach more advanced phases the rook
will be able to return into play.} Rd4 43. Kf5 Rxd5+ (43... Rf8 44. g3 Rxd5+
45. Ke6 Rd4 46. Ke7 $18) 44. Kxf6 Rf8+ 45. Rf7 Rxf7+ 46. Kxf7 Rf5+ 47. Kg6 Rxf4
48. g3 Rc4 49. Kxh6 {Black has a passive king and an inferior structure. With
just one passed pawn he cannot generate enough counterplay.} d5 50. Kh5 {
The simplest way to start advancing the pawns.} d4 51. g4 d3 52. h4 Rd4 (52...
Rc2 53. Ra1 d2 54. Rd1 $18) 53. Rd2 Kc8 54. g5 Kd7 55. Kg6 Rxh4 56. Rxd3+ Ke8
57. Ra3 {Same comment as on move 42.} Rc4 58. Kg7 Kd7 59. g6 c6 60. Kf6 cxb5
61. g7 Rg4 62. axb5 Rg1 63. Rd3+ Ke8 64. Re3+ Kd7 65. Re5 Rxg7 66. Rd5+ (66.
Rd5+ Ke8 67. Kxg7 {leaves the king cut off from the play, preventing any
counterplay based on advancing the passed pawn.}) 1-0

[Event "EU-ch 8th"]
[Site "Dresden"]
[Date "2007.04.12"]
[Round "9"]
[White "Andriasian, Zaven"]
[Black "Jussupow, Artur"]
[Result "1/2-1/2"]
[WhiteElo "2523"]
[BlackElo "2605"]
[Annotator "Marin,M"]
[PlyCount "94"]
[EventDate "2007.04.03"]
[EventType "swiss"]
[EventRounds "11"]
[EventCountry "GER"]
[SourceTitle "CBM 118"]
[Source "ChessBase"]
[SourceDate "2007.05.31"]
[SourceVersion "1"]
[SourceVersionDate "2007.05.31"]
[SourceQuality "1"]

1. e4 e5 2. Nf3 Nc6 3. Bc4 Bc5 4. c3 Nf6 5. d3 d6 6. O-O O-O 7. Bb3 a6 8. Nbd2
Ba7 9. h3 h6 {This is a Jussupov specialty.} ({Other popular moves are} 9...
Ne7) ({and} 9... Be6) 10. Nc4 {White intends to save a tempo (Re1) while
transferring his knight to the kingside. However, there are two small
drawbacks of this move. First of all, the knight will only have access to e3;
sometimes g3 is a better square, which gives meaning to Re1 /\Nf1. It is true
that in many cases, this could be of little relevance, since the final target
is the f5-square anyway. The second aspect is slightly more important. Before
jumping to e3 with his knight, White would like to exchange the dark-squared
bishops with Be3, but with the knight on c4 this could cause some problems
after ...b5.} ({The main line goes} 10. Re1 {. About two decades ago, Jussupov
designed the plan} Nh5 11. Nf1 Qf6) 10... Be6 11. Re1 (11. Be3 {It would be
nice if Black would just capture on e3, or if he would allow Bxa7 followed by
Ne3, but...} b5 ({Another drawback of the move Nc4 is that it allows the
simplifications with} 11... Bxc4 12. Bxc4 Na5 13. Bb3 Nxb3 14. Qxb3 Bxe3 15.
fxe3 b5 16. a4 c6 $11 {Gunnarsson,J (2419)-Babula,V (2567)/Plovdiv 2003/CBM
098 (0-1, 31)}) 12. Ncd2 {The knight has to abandon its dreams of reaching e3
in the near future.} (12. Bxa7 $2 bxc4 $19) 12... d5 13. Bxa7 Rxa7 14. Qe2 Re8
15. a4 b4 16. a5 Qd6 17. Ba4 Bd7 $13 {Kaminski,M (2440)-Almasi,Z (2470)/
Duisburg 1992/TD (1/2-1/2, 30)}) (11. a4 {fails to bother Black.} b5 $1 12. Ne3
d5 13. exd5 Nxd5 {Given the lack of pressure against the e5-pawn, Black has
managed to open the centre under favourable circumstances.} 14. Ng4 Qd6 15. Re1
Rfe8 {Defending the e5-pawn by indirect means, in order to avoid the weakening
move ...f6.} 16. Nh4 (16. Nfxe5 Nxe5 17. Nxe5 Nxc3 $1 18. bxc3 Bxb3 19. Qxb3
Rxe5 $11) 16... h5 17. Nh2 g6 18. N2f3 b4 $132 {Svidler,P (2455)-Almasi,Z 
(2470)/Duisburg 1992/TD (1-0, 47). Black has managed to put the enemy
queenside under pressure while maintaining White's kingside initiative within
bearable limits.}) 11... Re8 12. Ne3 $146 (12. Be3 Qd7 (12... b5 $1 $11) 13.
Bxa7 Nxa7 $5 {An interesting way to re-capture, clearing the way for the
c-pawn.} 14. Ne3 c5 15. Nd2 b5 {The queenside structure is typical for the
Chigorin variation of the closed Spanish. Instead of ...Na5, Black has played .
..Nxa7, which actually offers the knight additional manoeuvring possibilities.}
16. Bxe6 Qxe6 17. Qf3 Nc8 18. Nf5 Ne7 19. Nxe7+ Qxe7 20. Nf1 Qe6 21. Ne3 Rad8
$11 {Prie,E (2335)-Abramovic,B (2485)/Paris 1989/TD (1/2-1/2, 51)}) 12... Bxb3
{Black's play in this phase of the game looks a bit "cooperative", allowing
White to obtain some pressure. Maybe Jussupov relied on his huge experience in
this kind of position and on his belief that Black's defensive resources are
quite rich.} (12... d5 {[%csl Gc1] looks like a more ambitious continuation,
taking advantage of Black's slightly better dveelopment.}) 13. Qxb3 Rb8 ({
The b7-pawn can be defended indirectly with} 13... Qd7 {, but maybe Black
wanted to maintain the freedom of action of his queen.}) ({Eliminating the
aspirant to the f5-square with} 13... Bxe3 {also comes into consideration.})
14. Nf5 Ne7 15. N3h4 Nxf5 16. Nxf5 {White has put the enemy kingside under
some pressure and intends to increase it by transferring the quuen to g3.} Qd7
({The attempt to neutralise White's pressure by occupying the d-file with} 
16... d5 17. Qc2 dxe4 18. dxe4 Qd7 19. Qe2 Rbd8 {fails by one tempo because of}
20. Qf3 {when there is no time for the generally desirable} Qd3 {because of}
21. Nxh6+) 17. Qd1 Kh7 {Black's play in the next phase of the game proves that
White's kingside initiative can be kept under control. However, White can
combine it with the opening of the centre by means of d4.} 18. Qf3 {[%cal
Yf5h6]} Qe6 {[%csl Yf6]} 19. Qg3 Rg8 20. Qh4 Nd7 21. Bg5 {Not really an
attacking move. White just connects his rooks.} Rbe8 22. Rad1 Qg6 23. Bc1 $14 {
White has managed to complete his development without exchanging the
dark-squared bishops, which increases his attacking possibilities. Given
White's more active position, the h6-square is more vulnerable than the
f2-square, which transforms the a7-bishop into a spectator. Another important
achievement is that the f5-knight cannot be exchanged too easily.} Qf6 24. Qh5
Qg6 25. Qf3 Nf8 26. d4 $1 {White's play on two fronts can be quite unpleasant
for Black.} Nd7 27. b3 (27. g3 $14 {[%cal Yg1h2]}) 27... Bb6 28. d5 $6 {
White releases the tension in the centre too soon, allowing Black orientate
his play in a relatively simple way..} (28. g3 $14) 28... Qf6 29. Qe2 Nf8 30.
Rd3 Ng6 {Once he has been absolved by any worries regarding the pressure
against the e5-pawn and the possibility of an invasion along the d-file, Black
can manoeuvre freely with his knight.} 31. g3 Ne7 32. Ne3 ({White does not get
anything from preserving this knight from exchange.} 32. Nh4 g6 (32... g5 $6
33. Rf3 $1 Qg7 34. Nf5 $16) 33. Kg2 Qg7 $132 {[%cal Yf7f5]}) 32... Bxe3 $1 {
Finally eliminating this irritating knight.} 33. Qxe3 Qg6 {[%cal Yf7f5]} 34. f4
{In view of Black's threatened ...f5, White has to play this move in less
favourable circumstances than he would have liked to.} exf4 35. Qxf4 {
Unfortunately, the capture with the pawn is impossible.} Nc8 $1 $11 {[%cal
Yc8b6,Yb6d7,Yd7e5]} 36. c4 Nb6 37. Rde3 Nd7 38. Qf5 Re7 39. Bb2 Rge8 40. Kf2
Ne5 41. Qxg6+ Kxg6 42. g4 f6 43. Bxe5 Rxe5 44. Kg3 a5 45. Kf4 Kf7 46. a3 Ra8
47. Rc1 b6 1/2-1/2

[Event "World-ch Tournament"]
[Site "Mexico City"]
[Date "2007.09.18"]
[Round "5"]
[White "Leko, Peter"]
[Black "Kramnik, Vladimir"]
[Result "1/2-1/2"]
[WhiteElo "2751"]
[BlackElo "2769"]
[Annotator "Marin,M"]
[PlyCount "48"]
[EventDate "2007.09.13"]
[EventType "tourn"]
[EventRounds "14"]
[EventCountry "MEX"]
[EventCategory "21"]
[SourceTitle "CBM 120"]
[Source "ChessBase"]
[SourceDate "2007.10.02"]
[SourceVersion "1"]
[SourceVersionDate "2007.10.02"]
[SourceQuality "1"]

1. e4 e5 2. Bc4 $5 {Anything is preferable to a Petroff.} Nf6 3. d3 Bc5 4. Nf3
d6 5. c3 Nc6 {From the Bishop's Opening, play has transposed to the Italian
game, the Giuoco Pianisimo variation. Although there are more subtleties here
than the quiet character of the position might suggest, I have the feeling
that it better suits Kramnik's style than Leko's, which makes me doubt whether
the opening choice was really inspired. Or maybe Leko just wanted to take some
sort of additional day-off after his defeat from the previous round?!} 6. Bb3
a6 7. O-O Ba7 8. Re1 O-O 9. h3 h6 10. Nbd2 Re8 11. Nf1 Be6 12. N3h2 {We have
reached one of the main tabyias of the Giuoco Pianissimo. White concentrates
his forces on the kingside, in order to generate some threats against the
enemy king, while Black is supposed to combine defence with counterplay in the
centre.} Bxb3 13. axb3 (13. Qxb3 {makes less sense, because the queen would
have to return to the kingside anyway.}) 13... Qd7 {A logical move, as one
would expect from Kramnik. Black completes his development by connecting his
rooks. Although play is carried out in "pianissimo mode", neither side should
neglect natural development, especially from the perspective of the possible
opening of the centre with either d4 or ...d5.} (13... a5 {prevents the
generally desirable b4, but does not contribute to development in any way.} 14.
Ng3 d5 {This also looks premature.} 15. Qf3 dxe4 16. dxe4 Re6 17. Nf5 {The
threat Bxh6 forces Black into a slightly contorted regrouping.} Qf8 18. Qg3 Kh8
19. Ng4 Nh7 (19... Nxg4 20. hxg4 Qc5 21. g5 hxg5 22. Bxg5 $40 {Gavrikov;
Chebanenko}) 20. Nge3 Rg6 21. Qh4 $14 {Gavrikov,V (2550)-Van der Sterren,P 
(2520)/Tallinn 1987/EXT 97 (1-0, 35). White has strong pressure on the
kingside and in the centre.}) (13... Re6 14. Ng3 Qd7 15. Qf3 Kh8 {Black
focuses on defence, giving up the idea of opening play in the centre. This
will give White the possibility to consolidate his domination.} 16. Nf5 Rg8 17.
b4 Bb6 18. Ng4 Nh7 ({The opening of the h-file with} 18... Nxg4 19. hxg4 $16 {
is very dangerous for Black, because of the placement of his king.}) 19. Nge3
Bxe3 20. Bxe3 $14 {White has completed his development, has more space and an
active bishop.} Rf6 21. Qg4 Rg6 22. Qf3 Rf6 23. Qd1 Ne7 24. Ng3 Nc6 25. Qb3 Qe6
26. Qa4 Rg6 27. b5 axb5 28. Qxb5 Rb8 29. d4 $16 {Ye Jiangchuan (2510)-Pinter,J
(2595)/Elista 1998/CBM 066 ext (1-0, 71). The greater mobility of White's
pieces have allowed him to increase his advantage, by switching to the other
wing. The g6-rook and the h7-knight have remained mere spectators.}) (13... Ne7
14. Ng3 Qd7 15. Ng4 {This might be slightly premature.} (15. Qf3 Qe6 16. b4 {
transposes to our main game.}) 15... Nxg4 16. hxg4 d5 {And this is very
slightly premature, too.} (16... Qe6 17. b4 d5 {is a slightly improved form of
the main game from Black's point of view, because he saved the move ...c6.})
17. Qf3 dxe4 18. dxe4 Rad8 19. g5 hxg5 20. Bxg5 Qe6 21. b4 f6 22. Be3 {
Svetushkin,D (2486)-Sharma,D (2327)/Linares 2000/CBM 075 (1-0, 77). White is
only minimally (possibly, optically) better, because of the relative weakness
of the enemy kingside. However, the symmetrical character of the position
should entitle Black to hope for full equality.}) 14. Qf3 Qe6 15. Ng3 Ne7 {
[%csl Gf5]} (15... Qxb3 $2 16. Nf5 $1 $40 {[%cal Yf5h6,Yf3g3,Yc1h6]} (16. Bxh6
Qxb2 $5 $132 {[%csl Gf2]})) 16. b4 (16. Ng4 $6 Nxg4 17. hxg4 Qxb3) 16... c6 17.
Ng4 {White builds up his typical kingside attack, but Black is slightly better
developed and has the possibility of reacting in the centre.} Nxg4 ({This is
probably better than} 17... Nh7 {, as played in Leko-Anand, Sarajevo 1999.
White maintained some pressure for a while, but later lost a pawn and had to
fight for a draw.} 18. Be3 Bxe3 19. Qxe3 Rad8 20. d4 (20. f4 $5 {might be a
better way to fight for space.}) 20... exd4 21. Qxd4 (21. cxd4 Qg6 {/\f5, /\Nd5
} 22. Ra5 d5 $5 $132 {<->5}) 21... Qg6 22. Ne3 Ng5 $11 {Leko,P (2694)-Adams,M 
(2716)/Sarajevo 1999/CBM 071 (1/2-1/2, 61)}) 18. hxg4 d5 19. Nf5 Rad8 {Black
has completed the mobilisation of his forces and has at least equal chances.}
20. g3 f6 21. Kg2 dxe4 22. dxe4 Nxf5 23. gxf5 Qc4 24. Be3 {White decides to
complete his development, practically giving up any hope of a sacrificial
attack based on Bxh6 and tacitly offering a draw.} ({It is instructive to
check that White's attack has no real chances for success, mainly because his
development is incomplete. However, this does not mean he could not have tried
it:} 24. Qg4 Kf8 $1 (24... Kh8 $4 25. Bxh6 $1 gxh6 26. Rh1 $18) 25. Rh1 (25. f4
{is risky, because it sets up tension which White is not prepared for:} Rd3 $5
26. fxe5 Bb8 $1 $15 {[%cal Yb8e5]}) 25... Rd7 (25... Rd3 $2 26. Bxh6 gxh6 27.
Rxh6 Ke7 28. Rh7+ Kd8 29. Qg7 $18) (25... Re7 $5) {Unfortunately, White cannot
activate the other rook BEFORE making this sacrifice.} 26. Bxh6 gxh6 27. Rxh6
Ke7 $1 28. Rh7+ Kd8 29. Rd1 Ree7 30. Rxd7+ Rxd7 31. Rxd7+ Kxd7 32. Qg7+ Ke8 33.
Qxb7 Qxe4+ $11 {Anyway, this would have been a more entertaining way of
forcing a draw.}) 24... Bxe3 {Black controls the only open file, but White has
no weaknesses and his king has a safer residence. Therefore, the draw
agreement is entirely justified.} 1/2-1/2